TV & Film Doctors - Statistics

General Stats
  • This quiz has been taken 35 times
  • The average score is 8 of 15
Answer Stats
Hint Answer % Correct
Dr Spock (TV) Leonard Nimoy
92%
Dr Hawkeye Pierce (MASH - TV Version) Alan Alda
88%
Dr House Hugh Laurie
88%
Dr Zhivago Omar Sharif
69%
Doctor Who (2010 - 2013) Matt Smith
62%
Dr Strangelove Peter Sellers
58%
Doc Martin Martin Clunes
54%
Dr Watson (Sherlock - TV Series) Martin Freeman
50%
Dr Quincy Jack Klugman
46%
Dr Yang (Grey's Anatomy) Sandra Oh
42%
Doctor Who 1970 - 1974 Jon Pertwee
38%
Doctor Who (1963 - 1966) William Hartnell
35%
Dr John Dorian (Scrubs) Zach Braff
31%
Dr Sam Ryan (Silent Witness) Amanda Burton
19%
Dr Finlay Bill Simpson
4%
No matching quizzes found
Score Distribution
Percent of People with Each Score
Percentile by Number Answered
Your Score History
You have not taken this quiz